|
|
|
|
| LEADER |
01031nam a2200217 a 4500 |
| 001 |
GR-MES3770 |
| 008 |
991111s1989 gr 000 0 gre d |
| 040 |
|
|
|a GrPaTEI
|b gre
|c GR-PaULI
|
| 245 |
0 |
2 |
|a Η διαδικασία αστικοποίησης στις μεσογειακές αραβικές χώρες :
|b η περίπτωση της Τυνησίας.
|
| 260 |
|
|
|a Αθήνα :
|b Ιδρυμα μεσογειακών μελετών,
|c 1989
|
| 300 |
|
|
|a 205σελ. :
|b χαρ.
|
| 500 |
|
|
|a βιβλιογραφία:σελ(189-200)
|
| 650 |
|
4 |
|a ΑΡΑΒΙΚΕΣ ΧΩΡΕΣ
|
| 650 |
|
4 |
|a ΑΣΤΙΚΟΠΟΙΗΣΗ
|
| 650 |
|
4 |
|a ΤΥΝΗΣΙΑ
|
| 700 |
1 |
|
|a Χάλαρης, Γ.
|
| 710 |
0 |
|
|a Ιδρυμα μεσογειακών μελετών
|
| 942 |
|
|
|2 ddc
|
| 952 |
|
|
|0 0
|1 0
|2 ddc
|4 0
|6 307_121000000000000_6_ΧΑΛ
|7 0
|9 268397
|a MSLG
|b MSLG
|c BSC
|d 2021-01-17
|e 24
|f 0
|g 0.00
|l 0
|o 307.121 6 ΧΑΛ
|p 2420000001385
|r 2021-01-17 00:00:00
|t 1
|w 2021-01-17
|y BK15
|x 19991111 0 1
|x GrPaTEI
|
| 971 |
|
|
|a .b25748154
|b 16-04-20
|c 13-09-16
|
| 999 |
|
|
|c 154640
|d 154640
|